The discovery of the North west passage by H.M.S. Investigator, Capt. R. M'Clure, 1850, 1851, 1852, 1853, 1854. Edited by Commander Sherard Osborn. From the logs and journals of Capt. Robert Le M. M'Clure. Illustrated by Commander S. Gurney Cresswell, R.N.

Saved in:
Bibliografiske detaljer
Andre forfattere: Osborn, Sherard (Editor)
Format: Bog
Sprog:engelsk
Udgivet: Londres Longman, Brown, Green, Longmans, & brother 1856
Udgivelse:1a. ed
Fag:
Tags: Tilføj Tag
Ingen Tags, Vær først til at tagge denne postø!

MARC

LEADER 00000nam a2200000 a 4500
001 UCJ5519
003 CL-VaPUC
005 20250227100127.0
008 070124e18560430UK |||||||||||||||||eng|d
999 |c 321628  |d 321626 
040 |c Pontificia Universidad Católica de Valparaíso 
082 0 4 |a 910.4  |b OSB  |2 21 
100 |a Osborn, Sherard  |e editor  |9 510764 
245 1 4 |a The discovery of the North west passage by H.M.S. Investigator, Capt. R. M'Clure, 1850, 1851, 1852, 1853, 1854. Edited by Commander Sherard Osborn. From the logs and journals of Capt. Robert Le M. M'Clure. Illustrated by Commander S. Gurney Cresswell, R.N. 
250 |a 1a. ed 
260 |a Londres  |b Longman, Brown, Green, Longmans, & brother  |c 1856 
300 |a xvii, 405 p 
500 |a Mapa e ilustraciones mencionados en índice, conformes. Incluye rol completo de la tripulación 
583 |a last modification  |c 20070124 00:00:00  |k Rodrigo Vera 
600 0 7 |a M'CLURE, ROBERT LE M  |2 CL-VaPUC  |9 510765 
600 0 7 |a CRESSWELL, S. GURNEY  |2 CL-VaPUC  |9 510766 
650 0 |a Viajes  |9 257115 
650 0 |a Descubrimientos geográficos  |9 331933 
650 0 |a Expediciones científicas  |9 265222 
650 7 |a ESQUIMALES  |2 CL-VaPUC  |9 441373 
650 7 |a FAUNA  |2 CL-VaPUC  |9 349523 
650 7 |a DIARIO  |2 CL-VaPUC  |9 441581 
650 0 |a Aborígenes  |9 329972 
650 0 |a Mapas  |9 260844 
650 0 |a Ilustraciones  |9 369481 
651 0 |a Estrecho de Magallanes  |9 354479 
651 7 |a PUERTO DEL HAMBRE  |2 CL-VaPUC  |9 504670 
651 7 |a REGION ARTICA  |2 CL-VaPUC  |9 366377 
651 7 |a ESTRECHO DE BEHRING  |2 CL-VaPUC  |9 505712 
942 |c BK  |2 ddc 
945 |d 20070124 00:00:00  |a rinostro 
952 |0 0  |1 0  |4 0  |6 910_400000000000000_OSB_1856  |7 0  |8 ?  |9 400422  |a FDOBUD  |b FDOBUD  |d 2019-11-22  |i 1035789  |o 910.4 OSB 1856  |p 1035789  |r 2019-11-22  |w 2019-11-22  |y BK  |k BUD